Normal view
MARC view
- تأليف الحديثي ، فخري عبدالرزاق ، مؤلف.مشارك خالد حميدي الزعبي
Entry Personal Name
001 - CONTROL NUMBER
- control field: 31300
003 - CONTROL NUMBER IDENTIFIER
- control field: JO-AjAnu
005 - DATE AND TIME OF LATEST TRANSACTION
- control field: 20230606075255.0
008 - FIXED-LENGTH DATA ELEMENTS
- fixed length control field: 230606|| aca||aabn | a|a d
040 ## - CATALOGING SOURCE
- Original cataloging agency: JO-AjAnu
- Transcribing agency: JO-AjAnu
100 ## - HEADING--PERSONAL NAME
- Personal name: تأليف الحديثي ، فخري عبدالرزاق ، مؤلف.مشارك خالد حميدي الزعبي
670 ## - SOURCE DATA FOUND
- Source citation: Work cat.: (JO-AjAnu)16074: تأليف الحديثي ، فخري عبدالرزاق ، مؤلف.مشارك خالد حميدي الزعبي , author, الموسوعة الجنائية 2 شرح قانون العقوبات القسم الخاص الجرائم الواقعة على الأشخاص